Cambridge IGCSE first language English / (Record no. 2892)
[ view plain ]
| 000 -LEADER | |
|---|---|
| fixed length control field | 01371cam a2200397 i 4500 |
| 001 - CONTROL NUMBER | |
| control field | 019863257 |
| 003 - CONTROL NUMBER IDENTIFIER | |
| control field | UkOxU |
| 005 - DATE AND TIME OF LATEST TRANSACTION | |
| control field | 20230911085256.0 |
| 008 - FIXED-LENGTH DATA ELEMENTS--GENERAL INFORMATION | |
| fixed length control field | 150530s2014 enka 000 0 eng |
| 010 ## - LIBRARY OF CONGRESS CONTROL NUMBER | |
| LC control number | 2015413049 |
| 020 ## - INTERNATIONAL STANDARD BOOK NUMBER | |
| International Standard Book Number | 9781107657823 |
| Qualifying information | Coursebook |
| 020 ## - INTERNATIONAL STANDARD BOOK NUMBER | |
| International Standard Book Number | 1107657822 |
| Qualifying information | Coursebook |
| 035 ## - SYSTEM CONTROL NUMBER | |
| System control number | (DLC)2015413049 |
| 035 ## - SYSTEM CONTROL NUMBER | |
| System control number | (UkLoRLUK)982015413049 |
| 040 ## - CATALOGING SOURCE | |
| Original cataloging agency | DLC |
| Language of cataloging | eng |
| Description conventions | rda |
| Transcribing agency | DLC |
| Modifying agency | UkOxU |
| -- | KH8 |
| 042 ## - AUTHENTICATION CODE | |
| Authentication code | pcc |
| 049 ## - LOCAL HOLDINGS (OCLC) | |
| Local processing data | l |
| Missing elements | + |
| 082 ## - DEWEY DECIMAL CLASSIFICATION NUMBER | |
| Classification number | 428.24 COX |
| 100 1# - MAIN ENTRY--PERSONAL NAME | |
| Personal name | Cox, Marian, |
| Dates associated with a name | 1953- |
| Relator term | author. |
| 245 10 - TITLE STATEMENT | |
| Title | Cambridge IGCSE first language English / |
| Statement of responsibility, etc. | Marian Cox. |
| 246 3# - VARYING FORM OF TITLE | |
| Title proper/short title | First language English |
| 250 ## - EDITION STATEMENT | |
| Edition statement | Fourth edition. |
| 264 #1 - PRODUCTION, PUBLICATION, DISTRIBUTION, MANUFACTURE, AND COPYRIGHT NOTICE | |
| Place of production, publication, distribution, manufacture | Cambridge : |
| Name of producer, publisher, distributor, manufacturer | Cambridge University Press, |
| Date of production, publication, distribution, manufacture, or copyright notice | 2014. |
| 264 #4 - PRODUCTION, PUBLICATION, DISTRIBUTION, MANUFACTURE, AND COPYRIGHT NOTICE | |
| Date of production, publication, distribution, manufacture, or copyright notice | ©2014 |
| 300 ## - PHYSICAL DESCRIPTION | |
| Extent | 3 volumes : |
| Other physical details | colour illustrations ; |
| Dimensions | 28 cm. |
| 336 ## - CONTENT TYPE | |
| Content type term | text |
| Source | rdacontent |
| 337 ## - MEDIA TYPE | |
| Media type term | unmediated |
| Source | rdamedia |
| 338 ## - CARRIER TYPE | |
| Carrier type term | volume |
| Source | rdacarrier |
| 500 ## - GENERAL NOTE | |
| General note | "Endorsed by Cambridge international examinations"--cover. |
| 505 0# - FORMATTED CONTENTS NOTE | |
| Formatted contents note | Coursebook -- Workbook -- Teacher's resource. |
| 650 #0 - SUBJECT ADDED ENTRY--TOPICAL TERM | |
| Topical term or geographic name entry element | English language |
| Form subdivision | Textbooks for foreign speakers. |
| 650 #0 - SUBJECT ADDED ENTRY--TOPICAL TERM | |
| Topical term or geographic name entry element | English language |
| General subdivision | Examinations |
| Form subdivision | Study guides. |
| 650 #0 - SUBJECT ADDED ENTRY--TOPICAL TERM | |
| Topical term or geographic name entry element | International General Certificate of Secondary Education. |
| 710 2# - ADDED ENTRY--CORPORATE NAME | |
| Corporate name or jurisdiction name as entry element | University of Cambridge. |
| Subordinate unit | Local Examinations Syndicate. |
| -- | International Examinations. |
| 942 ## - ADDED ENTRY ELEMENTS (KOHA) | |
| Source of classification or shelving scheme | |
| Koha item type | Teaching Resources |
| Withdrawn status | Lost status | Source of classification or shelving scheme | Damaged status | Not for loan | Collection code | Permanent Location | Current Location | Shelving location | Date acquired | Full call number | Barcode | Date last seen | Price effective from | Koha item type |
|---|---|---|---|---|---|---|---|---|---|---|---|---|---|---|
| Teaching Resources | KH8 Senior School Library | KH8 Senior School Library | Staff Office | 2023-09-11 | 428.24 COX | TRKHSL002596 | 2023-09-11 | 2023-09-11 | Teaching Resources | |||||
| Teaching Resources | KH8 Senior School Library | KH8 Senior School Library | Staff Office | 2023-09-11 | 428.24 COX | TRKHSL002797 | 2023-09-11 | 2023-09-11 | Teaching Resources | |||||
| Teaching Resources | KH8 Senior School Library | KH8 Senior School Library | Staff Office | 2023-09-11 | 428.24 COX | TRKHSL002798 | 2023-09-11 | 2023-09-11 | Teaching Resources | |||||
| Teaching Resources | KH8 Senior School Library | KH8 Senior School Library | Staff Office | 2023-09-11 | 428.24 COX | TRKHSL002799 | 2023-09-11 | 2023-09-11 | Teaching Resources | |||||
| Teaching Resources | KH8 Senior School Library | KH8 Senior School Library | Staff Office | 2023-09-11 | 428.24 COX | TRKHSL002801 | 2023-09-11 | 2023-09-11 | Teaching Resources | |||||
| Teaching Resources | KH8 Senior School Library | KH8 Senior School Library | Staff Office | 2023-09-11 | 428.24 COX | TRKHSL002802 | 2023-09-11 | 2023-09-11 | Teaching Resources | |||||
| Teaching Resources | KH8 Senior School Library | KH8 Senior School Library | Staff Office | 2023-09-11 | 428.24 COX | TRKHSL002803 | 2023-09-11 | 2023-09-11 | Teaching Resources | |||||
| Teaching Resources | KH8 Senior School Library | KH8 Senior School Library | Staff Office | 2024-01-03 | 428.24 COX | TRKHSL005186 | 2024-01-03 | 2024-01-03 | Teaching Resources | |||||
| Teaching Resources | KH8 Senior School Library | KH8 Senior School Library | Staff Office | 2024-01-03 | 428.24 COX | TRKHSL005187 | 2024-01-03 | 2024-01-03 | Teaching Resources | |||||
| Teaching Resources | KH8 Senior School Library | KH8 Senior School Library | Staff Office | 2024-01-03 | 428.24 COX | TRKHSL005188 | 2024-01-03 | 2024-01-03 | Teaching Resources | |||||
| Teaching Resources | KH8 Senior School Library | KH8 Senior School Library | Staff Office | 2024-01-03 | 428.24 COX | TRKHSL005189 | 2024-01-03 | 2024-01-03 | Teaching Resources | |||||
| Teaching Resources | KH8 Senior School Library | KH8 Senior School Library | Staff Office | 2024-01-03 | 428.24 COX | TRKHSL005190 | 2024-01-03 | 2024-01-03 | Teaching Resources | |||||
| Teaching Resources | KH8 Senior School Library | KH8 Senior School Library | Staff Office | 2024-01-03 | 428.24 COX | TRKHSL005191 | 2024-01-03 | 2024-01-03 | Teaching Resources | |||||
| Teaching Resources | KH8 Senior School Library | KH8 Senior School Library | Staff Office | 2024-01-03 | 428.24 COX | TRKHSL005192 | 2024-01-03 | 2024-01-03 | Teaching Resources | |||||
| Teaching Resources | KH8 Senior School Library | KH8 Senior School Library | Staff Office | 2024-01-03 | 428.24 COX | TRKHSL005193 | 2024-01-03 | 2024-01-03 | Teaching Resources | |||||
| Teaching Resources | KH8 Senior School Library | KH8 Senior School Library | Staff Office | 2024-06-25 | 428.24 COX | TRKHSL002991 | 2024-06-25 | 2024-06-25 | Teaching Resources | |||||
| Teaching Resources | KH8 Senior School Library | KH8 Senior School Library | Staff Office | 2025-08-13 | 428.24 COX | TRKHSL006397 | 2025-08-13 | 2025-08-13 | Teaching Resources |